[Event "Alcorcon Diagonal op 2nd"]
[Site "Alcorcon"]
[Date "2023.12.26"]
[Round "1"]
[White "Gomez Ferrer, Jesus"]
[Black "Gonzalez Arganda, Ernesto"]
[Result "1-0"]
[WhiteElo "1832"]
[BlackElo "1241"]
[PlyCount "97"]
[EventDate "2023.12.26"]
[EventType "swiss"]
[EventRounds "9"]
[EventCountry "ESP"]
[SourceTitle "CB01_2024"]
[SourceDate "2024.01.03"]
[SourceVersion "1"]
[SourceVersionDate "2024.01.03"]
[SourceQuality "1"]

1. Nf3 c5 2. c4 Nf6 3. g3 Nc6 4. Bg2 d6 5. 0-0 Bf5 6. Nc3 h6 7. d4 Qd7 8. d5 Nd8 9. Re1 Bh3 10. e4 Bxg2 11. Kxg2 e5 12. dxe6 Nxe6 13. Nd5 Ng5 14. Bxg5 hxg5 15. Nxg5 Ng4 16. h4 Ne5 17. Qe2 f6 18. Ne6 Rc8 19. Nef4 Qf7 20. h5 g5 21. hxg6 Nxg6 22. Qg4 Nxf4+ 23. Nxf4 Rc7 24. Nd5 Rd7 25. Rh1 Rg8 26. Qxg8 Qxg8 27. Nxf6+ Kf7 28. Nxg8 Kxg8 29. Rad1 Bg7 30. b3 Bd4 31. f4 Re7 32. Kf3 Rf7 33. Rh5 Be5 34. Rf5 Bf6 35. Rxd6 Be7 36. Rxf7 Kxf7 37. Rd7 Ke6 38. Rxe7+ Kxe7 39. g4 a6 40. g5 b5 41. f5 Kf7 42. e5 Kg7 43. e6 Kf8 44. f6 b4 45. g6 a5 46. g7+ Kg8 47. e7 Kf7 48. g8Q+ Kxg8 49. e8Q+ 1-0

[Event "Madrid Alcorcon op 1st"]
[Site "Madrid"]
[Date "2022.12.30"]
[Round "9"]
[White "Ramirez Ocana, Eneas"]
[Black "Gomez Ferrer, Jesus"]
[Result "1/2-1/2"]
[WhiteElo "1695"]
[BlackElo "1901"]
[PlyCount "58"]
[EventDate "2022.12.26"]
[EventType "swiss"]
[EventRounds "9"]
[EventCountry "ESP"]
[SourceTitle "CBM 212 Extra"]
[Source "ChessBase"]
[SourceDate "2023.03.31"]
[SourceVersion "1"]
[SourceVersionDate "2023.03.31"]
[SourceQuality "1"]

1. e4 c5 2. Nf3 d6 3. d4 cxd4 4. Nxd4 Nf6 5. Nc3 a6 6. Be2 e6 7. 0-0 Be7 8. f4 Qc7 9. Bf3 Nbd7 10. Kh1 Rb8 11. a4 h5 12. Qe1 g6 13. Be3 Ng4 14. Bg1 b6 15. f5 Nde5 16. Rd1 Bd7 17. Be2 Ra8 18. Bd3 h4 19. h3 Nf6 20. Bh2 g5 21. fxe6 fxe6 22. Nf3 g4 23. Nxe5 dxe5 24. Qe2 gxh3 25. gxh3 Bc8 26. Bc4 Qc5 27. Bg1 Qc7 28. Bh2 Qc5 29. Bg1 Qc7 1/2-1/2

[Event "Madrid Alcorcon op 1st"]
[Site "Madrid"]
[Date "2022.12.29"]
[Round "8"]
[White "Gomez Ferrer, Jesus"]
[Black "Vera Avila, Endelberth"]
[Result "1/2-1/2"]
[WhiteElo "1901"]
[BlackElo "1751"]
[PlyCount "71"]
[EventDate "2022.12.26"]
[EventType "swiss"]
[EventRounds "9"]
[EventCountry "ESP"]
[SourceTitle "CBM 212 Extra"]
[Source "ChessBase"]
[SourceDate "2023.03.31"]
[SourceVersion "1"]
[SourceVersionDate "2023.03.31"]
[SourceQuality "1"]

1. d4 d5 2. c4 e6 3. Nc3 c6 4. Nf3 Be7 5. e3 Nf6 6. Bd3 dxc4 7. Bxc4 b5 8. Bd3 Bb7 9. 0-0 a6 10. Qe2 Nbd7 11. Rd1 Qc7 12. e4 e5 13. Bg5 h6 14. Bxf6 Bxf6 15. d5 0-0 16. Rac1 Rac8 17. Qd2 Qd6 18. a3 c5 19. Ne2 Rfe8 20. Ng3 Nf8 21. Nf5 Qd7 22. Bb1 Ng6 23. g3 c4 24. Kg2 Ne7 25. Ne3 Qd6 26. h4 h5 27. a4 Rc5 28. Qb4 Rd8 29. axb5 axb5 30. Qe1 Rdc8 31. Bc2 R8c7 32. Ra1 Kh7 33. Ra5 Bc8 34. Ng1 g6 35. Ne2 Ng8 36. f3 1/2-1/2

[Event "Madrid Alcorcon op 1st"]
[Site "Madrid"]
[Date "2022.12.27"]
[Round "3"]
[White "Borisova Douchkova, Vanesa"]
[Black "Gomez Ferrer, Jesus"]
[Result "0-1"]
[WhiteElo "1541"]
[BlackElo "1901"]
[PlyCount "60"]
[EventDate "2022.12.26"]
[EventType "swiss"]
[EventRounds "9"]
[EventCountry "ESP"]
[SourceTitle "CBM 212 Extra"]
[Source "ChessBase"]
[SourceDate "2023.03.31"]
[SourceVersion "1"]
[SourceVersionDate "2023.03.31"]
[SourceQuality "1"]

1. d4 Nf6 2. Bf4 d5 3. e3 e6 4. Nf3 c6 5. c3 Nbd7 6. Bd3 Be7 7. h3 Nf8 8. Nbd2 Ng6 9. Bh2 Bd6 10. Ne5 Bxe5 11. Bxe5 Nxe5 12. dxe5 Nd7 13. Nf3 h6 14. Qa4 Qc7 15. Qf4 g5 16. Qg3 Rg8 17. Qh2 b6 18. Bc2 Bb7 19. e4 c5 20. exd5 Bxd5 21. Ba4 0-0-0 22. Bxd7+ Rxd7 23. 0-0 g4 24. hxg4 Rxg4 25. Qh3 h5 26. Rfe1 Rd8 27. Re3 Rdg8 28. Ne1 Qe7 29. Rd1 Kb8 30. f3 Rh4 0-1

[Event "Madrid Chamartin op 8th"]
[Site "Madrid"]
[Date "2019.09.12"]
[Round "6"]
[White "Cabanas Bravo, Juan Andres"]
[Black "Gomez Ferrer, Jesus"]
[Result "1-0"]
[WhiteElo "2041"]
[BlackElo "2014"]
[PlyCount "57"]
[EventDate "2019.09.09"]
[EventType "swiss"]
[EventRounds "9"]
[EventCountry "ESP"]
[SourceTitle "CBM 192 Extra"]
[Source "Chessbase"]
[SourceDate "2019.11.06"]
[SourceVersion "1"]
[SourceVersionDate "2019.11.06"]
[SourceQuality "1"]

1. e4 e5 2. f4 Bc5 3. Nf3 d6 4. c3 Nf6 5. fxe5 dxe5 6. Nxe5 0-0 7. d4 Nxe4 8. Qf3 Ng5 9. Qe3 Be7 10. Bd3 Nd7 11. 0-0 Nxe5 12. Qxe5 c6 13. Na3 f6 14. Bc4+ Kh8 15. Qe2 Bd7 16. Bf4 Re8 17. Qh5 Bxa3 18. Bxg5 Be6 19. Bd3 Bg8 20. bxa3 fxg5 21. Rf3 Qe7 22. Rh3 h6 23. Rb1 b6 24. Qg6 Qe6 25. Qh5 Rad8 26. Rf1 Rf8 27. Qd1 Rxf1+ 28. Qxf1 Qxa2 29. Rxh6+ 1-0

[Event "Tres Cantos op 11th"]
[Site "Tres Cantos"]
[Date "2019.06.27"]
[Round "6"]
[White "Tenorio Garcia, Joel"]
[Black "Gomez Ferrer, Jesus"]
[Result "0-1"]
[WhiteElo "1774"]
[BlackElo "2012"]
[PlyCount "92"]
[EventDate "2019.06.22"]
[EventType "swiss"]
[EventRounds "9"]
[EventCountry "ESP"]
[SourceTitle "CBM 195 Extra"]
[Source "ChessBase"]
[SourceDate "2020.05.31"]
[SourceVersion "1"]
[SourceVersionDate "2020.05.31"]
[SourceQuality "1"]

1. e4 c5 2. Nf3 d6 3. d4 cxd4 4. Nxd4 Nf6 5. Nc3 a6 6. Bc4 e6 7. Bb3 Be7 8. 0-0 0-0 9. f4 Nbd7 10. Be3 Qc7 11. Qf3 Nc5 12. f5 b5 13. g4 b4 14. g5 bxc3 15. gxf6 Bxf6 16. bxc3 Bd7 17. Ne2 exf5 18. exf5 Nxb3 19. cxb3 Bc6 20. Qg3 Rfe8 21. Rae1 Re4 22. Bd4 Kh8 23. Rf4 Qe7 24. Kf1 Re8 25. Rxe4 Qxe4 26. Bxf6 gxf6 27. Ng1 Qxf5+ 28. Qf2 Rxe1+ 29. Kxe1 Qb1+ 30. Ke2 Qxa2+ 31. Ke3 Qxf2+ 32. Kxf2 f5 33. Ke3 Kg7 34. Kf4 Kf6 35. Ne2 Be4 36. b4 Ke6 37. b5 a5 38. Nd4+ Kd7 39. b6 a4 40. b7 Bxb7 41. Kxf5 a3 42. Nc2 a2 43. Kf6 Bd5 44. h4 Be4 45. Na1 Bg6 46. Kg5 h5 0-1

[Event "Tres Cantos op 11th"]
[Site "Tres Cantos"]
[Date "2019.06.26"]
[Round "5"]
[White "Gomez Ferrer, Jesus"]
[Black "Tadevosyan, Aspet"]
[Result "0-1"]
[WhiteElo "2012"]
[BlackElo "2143"]
[PlyCount "77"]
[EventDate "2019.06.22"]
[EventType "swiss"]
[EventRounds "9"]
[EventCountry "ESP"]
[SourceTitle "CBM 195 Extra"]
[Source "ChessBase"]
[SourceDate "2020.05.31"]
[SourceVersion "1"]
[SourceVersionDate "2020.05.31"]
[SourceQuality "1"]

1. c4 e6 2. Nf3 d5 3. g3 Nf6 4. Bg2 Be7 5. 0-0 0-0 6. b3 c5 7. Bb2 Nc6 8. d3 d4 9. Nbd2 h6 10. a3 e5 11. Qc2 Bf5 12. Rad1 Bh7 13. Rfe1 Re8 14. h3 Bf8 15. Nh2 Qd7 16. g4 Nd8 17. Bc1 Ne6 18. Ndf1 Rad8 19. Ng3 a6 20. Nf3 Bd6 21. Nh4 Bb8 22. Ngf5 Nf8 23. Qd2 e4 24. Nxg7 e3 25. Nxe8 Rxe8 26. Qb2 Nxg4 27. fxe3 Nxe3 28. Bxe3 Rxe3 29. Rf1 Qe7 30. Nf3 Rxe2 31. Qc1 Ng6 32. Rde1 Nf4 33. Qd1 Rxg2+ 34. Kh1 Qd7 35. Ng1 Rg3 36. Rxf4 Bxf4 37. Qh5 Qd6 38. Qd5 Qxd5+ 39. cxd5 0-1

[Event "Madrid Chamartin op 6th"]
[Site "Madrid"]
[Date "2017.09.09"]
[Round "8"]
[White "Martinez Fernandez, Raul"]
[Black "Gomez Ferrer, Jesus"]
[Result "1-0"]
[WhiteElo "2180"]
[BlackElo "2035"]
[PlyCount "25"]
[EventDate "2017.09.04"]
[EventType "swiss"]
[EventRounds "9"]
[EventCountry "ESP"]
[SourceTitle "CBM 180 Extra"]
[Source "ChessBase"]
[SourceDate "2017.10.06"]
[SourceVersion "1"]
[SourceVersionDate "2017.10.06"]
[SourceQuality "1"]

1. e4 e5 2. f4 Bc5 3. Nf3 d6 4. c3 f5 5. exf5 exf4 6. d4 Bb6 7. Bd3 Nh6 8. Bxf4 Nxf5 9. Bg5 Qd7 10. 0-0 0-0 11. Nh4 Nxh4 12. Bxh7+ Kxh7 13. Rxf8 1-0

[Event "Madrid Chamartin op 6th"]
[Site "Madrid"]
[Date "2017.09.06"]
[Round "4"]
[White "Gomez Ferrer, Jesus"]
[Black "Gomez Gonzalez, Jose Antonio"]
[Result "1-0"]
[WhiteElo "2035"]
[BlackElo "1692"]
[PlyCount "47"]
[EventDate "2017.09.04"]
[EventType "swiss"]
[EventRounds "9"]
[EventCountry "ESP"]
[SourceTitle "CBM 180 Extra"]
[Source "ChessBase"]
[SourceDate "2017.10.06"]
[SourceVersion "1"]
[SourceVersionDate "2017.10.06"]
[SourceQuality "1"]

1. e4 e5 2. Nf3 Nc6 3. Bb5 a6 4. Ba4 Nf6 5. 0-0 b5 6. Bb3 d6 7. Ng5 d5 8. exd5 Nd4 9. d6 Nxb3 10. dxc7 Qxc7 11. axb3 Bg4 12. Qe1 h6 13. Ne4 Qxc2 14. Nxf6+ gxf6 15. Nc3 Rg8 16. Qe3 Qg6 17. g3 Bd7 18. Qf3 Ra7 19. d4 exd4 20. Re1+ Be7 21. Nd5 Be6 22. Nxe7 Kxe7 23. Qd5 Rd8 24. Qc5+ 1-0

[Event "Madrid Chamartin op 6th"]
[Site "Madrid"]
[Date "2017.09.05"]
[Round "3"]
[White "Barragan Panal, Juan Jose"]
[Black "Gomez Ferrer, Jesus"]
[Result "1/2-1/2"]
[WhiteElo "1683"]
[BlackElo "2035"]
[PlyCount "87"]
[EventDate "2017.09.04"]
[EventType "swiss"]
[EventRounds "9"]
[EventCountry "ESP"]
[SourceTitle "CBM 180 Extra"]
[Source "ChessBase"]
[SourceDate "2017.10.06"]
[SourceVersion "1"]
[SourceVersionDate "2017.10.06"]
[SourceQuality "1"]

1. d4 Nf6 2. Nf3 e6 3. g3 c5 4. c3 Nc6 5. Bg2 h6 6. Nbd2 d5 7. 0-0 Bd6 8. Re1 cxd4 9. cxd4 Bb4 10. a3 Bxd2 11. Bxd2 0-0 12. Rc1 Qb6 13. Bc3 Ne4 14. e3 a5 15. Nd2 f5 16. Nb3 Qd8 17. Nc5 Qd6 18. Nd3 Nxc3 19. Rxc3 Bd7 20. Nc5 Nd8 21. Nxd7 Qxd7 22. Qc2 Nc6 23. Bf1 Qd6 24. Rc1 e5 25. dxe5 Qxe5 26. Bg2 h5 27. Qd2 Rad8 28. Rc5 Kh8 29. b4 axb4 30. axb4 h4 31. Rxd5 Rxd5 32. Qxd5 Qb2 33. Qc4 f4 34. Bxc6 bxc6 35. exf4 h3 36. Rc2 Qb1+ 37. Rc1 Qb2 38. Qf1 Kg8 39. Rxc6 Rd8 40. Qc4+ Kh7 41. Qc1 Qxb4 42. Rc8 Qd4 43. Rxd8 Qxd8 44. Qf1 1/2-1/2

[Event "Mostoles op 7th"]
[Site "Mostoles "]
[Date "2014.07.24"]
[Round "9"]
[White "Aziz Ortego, Omar Luis"]
[Black "Gomez Ferrer, Jesus"]
[Result "1-0"]
[WhiteElo "2116"]
[BlackElo "2028"]
[PlyCount "75"]
[EventDate "2014.07.16"]
[EventType "swiss"]
[EventRounds "9"]
[EventCountry "ESP"]
[SourceTitle "EXT 2015"]
[Source "ChessBase"]
[SourceDate "2014.11.20"]
[SourceVersion "1"]
[SourceVersionDate "2014.11.20"]
[SourceQuality "1"]

1. e4 c5 2. c4 e6 3. Nc3 a6 4. a3 Qc7 5. Nf3 Nc6 6. d4 Nxd4 7. Nxd4 cxd4 8. Qxd4 d6 9. Be3 Nf6 10. Be2 e5 11. Qd2 Be6 12. Rc1 Rc8 13. 0-0 Be7 14. f3 0-0 15. b3 Qb8 16. Rfd1 Nd7 17. a4 b6 18. g4 Nc5 19. Rb1 Qa8 20. Qe1 h5 21. gxh5 f5 22. b4 Nd7 23. exf5 Rxf5 24. Bd3 Rxh5 25. Be4 Qb8 26. Nd5 Bh4 27. Qe2 Bf7 28. a5 Re8 29. axb6 Bg5 30. c5 Bxe3+ 31. Qxe3 Qd8 32. c6 Nxb6 33. Nxb6 Re6 34. Rbc1 Qh4 35. Rd2 Rg5+ 36. Kh1 Rh6 37. c7 Be6 38. Bd5 1-0

[Event "Tres Cantos op 5th"]
[Site "Tres Cantos"]
[Date "2013.06.21"]
[Round "1"]
[White "Soriano Plata, Miguel"]
[Black "Gomez Ferrer, Jesus"]
[Result "0-1"]
[WhiteElo "1487"]
[BlackElo "2030"]
[PlyCount "80"]
[EventDate "2013.06.21"]
[EventType "swiss"]
[EventRounds "9"]
[EventCountry "ESP"]
[SourceTitle "EXT 2014"]
[Source "ChessBase"]
[SourceDate "2013.11.20"]
[SourceVersion "1"]
[SourceVersionDate "2013.11.20"]
[SourceQuality "1"]

1. d4 d5 2. Nc3 Nf6 3. Bg5 e6 4. e4 dxe4 5. Nxe4 Be7 6. Nxf6+ Bxf6 7. Bxf6 Qxf6 8. Qd2 0-0 9. 0-0-0 c5 10. dxc5 Nc6 11. Nf3 h6 12. Bd3 Rd8 13. Qe3 Bd7 14. Rd2 Nb4 15. a3 Nxd3+ 16. Rxd3 Bc6 17. Rhd1 Bd5 18. Qe5 Qxe5 19. Nxe5 Rdc8 20. g3 Rxc5 21. Ng4 Rac8 22. Ne3 Kh7 23. R1d2 Be4 24. Rd7 R8c7 25. Rxc7 Rxc7 26. Rd4 Bc6 27. c3 e5 28. Rd2 a6 29. Nd5 Bxd5 30. Rxd5 Re7 31. Rd2 Kg6 32. Re2 Kf5 33. f3 g5 34. h3 h5 35. Kd2 g4 36. hxg4+ hxg4 37. f4 Rd7+ 38. Ke3 exf4+ 39. gxf4 Re7+ 40. Kf2 Rxe2+ 0-1

[Event "San Sebastian de los Reyes op 14th"]
[Site "San Sebastian"]
[Date "2012.12.09"]
[Round "9"]
[White "Lopez de Turiso, Jose Angel"]
[Black "Gomez Ferrer, Jesus"]
[Result "1/2-1/2"]
[WhiteElo "2070"]
[BlackElo "1968"]
[PlyCount "41"]
[EventDate "2012.12.01"]
[EventType "swiss"]
[EventRounds "9"]
[EventCountry "ESP"]
[SourceTitle "CBM 151 Extra"]
[Source "ChessBase"]
[SourceDate "2012.12.18"]
[SourceVersion "1"]
[SourceVersionDate "2012.12.18"]
[SourceQuality "1"]

1. d4 d5 2. c4 c6 3. cxd5 cxd5 4. Nc3 e6 5. Bf4 Bd6 6. Bxd6 Qxd6 7. e3 Ne7 8. Rc1 Nbc6 9. Bd3 0-0 10. Nge2 e5 11. dxe5 Qxe5 12. 0-0 Be6 13. b3 Rad8 14. Nb5 Bg4 15. h3 Bxe2 16. Qxe2 a6 17. Nd4 Rd6 18. Nf3 Qh5 19. Nd4 Qe5 20. Nf3 Qh5 21. Nd4 1/2-1/2

[Event "Mostoles op 5th"]
[Site "Mostoles"]
[Date "2012.07.25"]
[Round "7"]
[White "Gomez Ferrer, Jesus"]
[Black "Rodriguez de Castro, Ayar"]
[Result "0-1"]
[WhiteElo "1942"]
[BlackElo "2167"]
[PlyCount "48"]
[EventDate "2012.07.19"]
[EventType "swiss"]
[EventRounds "9"]
[EventCountry "ESP"]
[SourceTitle "EXT 2013"]
[Source "ChessBase"]
[SourceDate "2012.11.22"]
[SourceVersion "1"]
[SourceVersionDate "2012.11.22"]
[SourceQuality "1"]

1. Nf3 d5 2. c4 e6 3. g3 Nf6 4. Bg2 dxc4 5. Qa4+ Nbd7 6. Qxc4 Be7 7. 0-0 0-0 8. d4 c5 9. dxc5 Nxc5 10. Be3 b6 11. Bxc5 Bxc5 12. b4 Be7 13. Ne5 Nd5 14. Rd1 Bb7 15. Qb3 Bf6 16. Qb2 Qe7 17. a3 Rac8 18. Bxd5 exd5 19. f4 d4 20. Nd2 Bxe5 21. fxe5 Qxe5 22. Nf3 Qe3+ 23. Kg2 Rfe8 24. Rd2 d3 0-1

[Event "Mostoles op 5th"]
[Site "Mostoles"]
[Date "2012.07.23"]
[Round "5"]
[White "Ramos Aldoradin, John Paul"]
[Black "Gomez Ferrer, Jesus"]
[Result "0-1"]
[WhiteElo "2176"]
[BlackElo "1942"]
[PlyCount "124"]
[EventDate "2012.07.19"]
[EventType "swiss"]
[EventRounds "9"]
[EventCountry "ESP"]
[SourceTitle "EXT 2013"]
[Source "ChessBase"]
[SourceDate "2012.11.22"]
[SourceVersion "1"]
[SourceVersionDate "2012.11.22"]
[SourceQuality "1"]

1. e4 e5 2. Nf3 Nf6 3. Nxe5 d6 4. Nf3 Nxe4 5. Nc3 Nxc3 6. dxc3 Be7 7. Bf4 0-0 8. Qd2 Be6 9. Be2 Nd7 10. Nd4 Nb6 11. Nxe6 fxe6 12. 0-0 c6 13. c4 Na4 14. Rab1 e5 15. Bg3 Nc5 16. Bf3 Bg5 17. Qe2 Ne6 18. c3 Bf4 19. Rbd1 Bxg3 20. hxg3 Qe7 21. Rfe1 Rf6 22. Bg4 Re8 23. Qd2 Nd8 24. Qe3 a6 25. Rd2 Nf7 26. Qb6 Rh6 27. Bd1 Qg5 28. Rc2 Qe7 29. a4 Qd7 30. Rd2 Ng5 31. Qe3 Nf7 32. b4 Qe6 33. Qe2 Rf8 34. Qg4 Qe8 35. Qe4 Ng5 36. Qe3 Nf7 37. a5 Qe6 38. Qe4 Ng5 39. Qg4 Qe7 40. Qe2 Qd7 41. Qxe5 Re6 42. Qxe6+ Nxe6 43. Bg4 Rf6 44. Rde2 Kf7 45. Bxe6+ Rxe6 46. Rxe6 Qxe6 47. Rxe6 Kxe6 48. Kf1 d5 49. f4 dxc4 50. Kf2 Kd5 51. g4 h6 52. Ke3 c5 53. bxc5 Kxc5 54. Ke4 b5 55. axb6 Kxb6 56. Kf5 a5 57. Kg6 a4 58. Kxg7 a3 59. f5 a2 60. f6 a1Q 61. f7 Qxc3+ 62. Kh7 Qf6 0-1

[Event "Madrid Oliver Gonzalez Memorial 2nd"]
[Site "Madrid"]
[Date "2011.10.15"]
[Round "8"]
[White "Fernandez Gil, Ruben Carlos"]
[Black "Gomez Ferrer, Jesus"]
[Result "1-0"]
[WhiteElo "1878"]
[BlackElo "1942"]
[PlyCount "95"]
[EventDate "2011.10.08"]
[EventType "swiss"]
[EventRounds "9"]
[EventCountry "ESP"]
[SourceTitle "CBM 144 Extra"]
[Source "ChessBase"]
[SourceDate "2011.10.28"]
[SourceVersion "1"]
[SourceVersionDate "2011.10.28"]
[SourceQuality "1"]

1. e4 c5 2. Nf3 d6 3. d4 cxd4 4. Nxd4 Nf6 5. Nc3 a6 6. f3 e5 7. Nb3 Be6 8. Be3 Be7 9. Qd2 Nbd7 10. g4 Qc7 11. h4 Nb6 12. 0-0-0 0-0-0 13. Qf2 Nfd7 14. Nd5 Bxd5 15. exd5 Kb8 16. Rd3 Na4 17. g5 Rhe8 18. h5 f6 19. Rh4 Nac5 20. Nxc5 Nxc5 21. Rc3 fxg5 22. Rhc4 b5 23. Rg4 Qb7 24. Rb4 Qxd5 25. Bxb5 axb5 26. Rxb5+ Kc7 27. Bxc5 Kd7 28. Qf1 Ke6 29. Bb6 Qa8 30. Bxd8 Rxd8 31. Qc4+ d5 32. Qg4+ Kf7 33. Qf5+ Bf6 34. Rc7+ Kg8 35. h6 Qa6 36. hxg7 d4 37. Rcb7 d3 38. cxd3 Qc6+ 39. Kb1 Rc8 40. Qxc8+ Qxc8 41. Rb8 Qxb8 42. Rxb8+ Kxg7 43. a4 Be7 44. a5 Bc5 45. a6 h5 46. a7 Bxa7 47. Rb7+ Kf6 48. Rxa7 1-0

[Event "Madrid Oliver Gonzalez Memorial 2nd"]
[Site "Madrid"]
[Date "2011.10.12"]
[Round "5"]
[White "Gomez Ferrer, Jesus"]
[Black "Calderon Martin, Antonio"]
[Result "1-0"]
[WhiteElo "1942"]
[BlackElo "1728"]
[PlyCount "55"]
[EventDate "2011.10.08"]
[EventType "swiss"]
[EventRounds "9"]
[EventCountry "ESP"]
[SourceTitle "CBM 144 Extra"]
[Source "ChessBase"]
[SourceDate "2011.10.28"]
[SourceVersion "1"]
[SourceVersionDate "2011.10.28"]
[SourceQuality "1"]

1. e4 e5 2. Nf3 Nc6 3. Bc4 Bc5 4. b4 Bxb4 5. c3 Be7 6. Qb3 Nh6 7. d4 Na5 8. Qb5 Nxc4 9. Qxc4 exd4 10. Bxh6 gxh6 11. cxd4 d6 12. Nc3 0-0 13. Rd1 Bg5 14. 0-0 Be6 15. d5 Bd7 16. e5 a6 17. e6 Bc8 18. Rfe1 Qe7 19. Nd4 fxe6 20. dxe6 Kh8 21. Nd5 Qg7 22. e7 Bxe7 23. Rxe7 Qg5 24. Qd3 Bf5 25. Nxf5 Rxf5 26. Rxc7 Re8 27. Ne3 Rg8 28. Qxf5 1-0

[Event "Madrid Oliver Gonzalez Memorial 1st"]
[Site "Madrid"]
[Date "2010.10.11"]
[Round "3"]
[White "Pastor Alonso de Prado, Emilio Alberto"]
[Black "Gomez Ferrer, Jesus"]
[Result "1-0"]
[WhiteElo "2199"]
[BlackElo "1942"]
[PlyCount "137"]
[EventDate "2010.10.09"]
[EventType "swiss"]
[EventRounds "9"]
[EventCountry "ESP"]
[SourceTitle "CBM 138 Extra"]
[Source "ChessBase"]
[SourceDate "2010.10.29"]
[SourceVersion "1"]
[SourceVersionDate "2010.10.29"]
[SourceQuality "1"]

1. e4 c5 2. c3 d5 3. exd5 Qxd5 4. d4 cxd4 5. cxd4 Nc6 6. Be3 e6 7. Nc3 Bb4 8. Nf3 Nf6 9. Bd3 Qa5 10. Qc2 Nd5 11. Bd2 h6 12. 0-0 Nxc3 13. bxc3 Bd6 14. Rfe1 0-0 15. Rab1 a6 16. c4 Qh5 17. Bc3 Ne7 18. Bb4 Bxb4 19. Rxb4 Nc6 20. Rb6 Rd8 21. Qb2 Ra7 22. Be4 Qa5 23. Re3 Kf8 24. g4 Qa4 25. Qa3+ Qxa3 26. Rxa3 Nxd4 27. Ne5 Ne2+ 28. Kg2 Nf4+ 29. Kf3 g5 30. c5 Rd1 31. Rab3 Rc1 32. Bxb7 Bxb7+ 33. Rxb7 Rxb7 34. Rxb7 Ke8 35. Nxf7 Rxc5 36. Nxh6 Ra5 37. Nf7 Ng6 38. Ke3 Ra3+ 39. Kd4 Ra5 40. Nd6+ Kd8 41. Ne4 Rd5+ 42. Ke3 Ne7 43. Rb6 Ra5 44. Rxe6 Nd5+ 45. Kd4 Nf4 46. Rh6 Rxa2 47. Nxg5 a5 48. Ne4 a4 49. Ke5 Nd3+ 50. Kd6 Kc8 51. Rf6 Rb2 52. Rf8+ Kb7 53. Rf3 Rb6+ 54. Ke7 Ne5 55. Nc5+ Kc7 56. Nxa4 Nc6+ 57. Kf8 Rb8+ 58. Kg7 Rb4 59. Rf7+ Kd6 60. Rf6+ Kc7 61. f4 Rxa4 62. h4 Ne7 63. h5 Nd5 64. Rf7+ Kd6 65. h6 Nxf4 66. Rxf4 Rxf4 67. g5 Rg4 68. g6 Ke7 69. h7 1-0

[Event "Madrid Oliver Gonzalez Memorial 1st"]
[Site "Madrid"]
[Date "2010.10.09"]
[Round "1"]
[White "Barria Zuniga, Daniel"]
[Black "Gomez Ferrer, Jesus"]
[Result "1-0"]
[WhiteElo "2419"]
[BlackElo "1942"]
[PlyCount "131"]
[EventDate "2010.10.09"]
[EventType "swiss"]
[EventRounds "9"]
[EventCountry "ESP"]
[SourceTitle "CBM 138 Extra"]
[Source "ChessBase"]
[SourceDate "2010.10.29"]
[SourceVersion "1"]
[SourceVersionDate "2010.10.29"]
[SourceQuality "1"]

1. d4 f5 2. c4 Nf6 3. Nf3 e6 4. g3 d5 5. Bg2 c6 6. 0-0 Bd6 7. Qc2 0-0 8. Bf4 Bxf4 9. gxf4 Ne4 10. e3 Nd7 11. Nc3 Kh8 12. b4 Ndf6 13. Ne5 Nxc3 14. Qxc3 Ne4 15. Bxe4 fxe4 16. f3 exf3 17. Rxf3 Bd7 18. Kh1 Be8 19. Rg1 Qf6 20. Rfg3 Rg8 21. Qc2 Bh5 22. Rh3 g6 23. Rhg3 Rg7 24. h3 Rag8 25. Kh2 a6 26. a4 h6 27. c5 g5 28. fxg5 Rxg5 29. Rxg5 Rxg5 30. Rxg5 Qxg5 31. Qf2 Kg7 32. h4 Qf5 33. Qxf5 exf5 34. Kg3 Kf6 35. Kf4 Bd1 36. Nd7+ Ke6 37. Nb6 Bc2 38. a5 Kf6 39. Nc8 Kg6 40. Nd6 Kh5 41. Kg3 Bd3 42. Nxb7 Bc4 43. Nd6 Bd3 44. Nc8 Bb5 45. Ne7 Ba4 46. Nxf5 Kg6 47. Kg4 Bd1+ 48. Kf4 Ba4 49. Ng3 Kf6 50. Nh1 Bc2 51. Nf2 Ba4 52. Nd3 Kg6 53. Ne5+ Kh5 54. Kg3 Bb5 55. Nf7 Kg6 56. Nd6 Ba4 57. Kg4 Bd1+ 58. Kf4 Kh5 59. b5 cxb5 60. Nxb5 Ba4 61. Nc7 Bc6 62. Nxa6 Kxh4 63. Nb4 Ba8 64. c6 Kh3 65. c7 Bb7 66. a6 1-0

[Event "Madrid Villaverde op 12th"]
[Site "Madrid"]
[Date "2010.04.19"]
[Round "1"]
[White "Gomez Ferrer, Jesus"]
[Black "Hernandez Mateo, Javier"]
[Result "1/2-1/2"]
[WhiteElo "1996"]
[BlackElo "1696"]
[PlyCount "80"]
[EventDate "2010.04.19"]
[EventType "swiss"]
[EventRounds "8"]
[EventCountry "ESP"]
[SourceTitle "CBM 136 Extra"]
[Source "ChessBase"]
[SourceDate "2010.07.02"]
[SourceVersion "2"]
[SourceVersionDate "2010.07.15"]
[SourceQuality "1"]

1. e4 c5 2. d4 cxd4 3. c3 dxc3 4. Nxc3 Nc6 5. Nf3 d6 6. Bc4 g6 7. Bf4 Bg4 8. Qb3 e6 9. Qxb7 Qc8 10. Qxc8+ Rxc8 11. Nd2 Nd4 12. Bb5+ Kd8 13. Ba4 e5 14. Be3 Nc6 15. Bxc6 Rxc6 16. Bxa7 f5 17. h3 Bh5 18. g3 Bh6 19. Be3 Bxe3 20. fxe3 Ne7 21. 0-0 Ke8 22. a4 Rf8 23. a5 Nc8 24. a6 Na7 25. Ra3 Ke7 26. b4 Rfc8 27. Ndb1 Ke6 28. b5 Rb6 29. Rb3 Rcb8 30. Nd2 Rc8 31. Rfb1 Rc5 32. Nd5 Rbxb5 33. Rxb5 Nxb5 34. Rxb5 Rc1+ 35. Kf2 Rc2 36. Ke1 Rc1+ 37. Kf2 Rc2 38. a7 Rxd2+ 39. Ke1 Rd1+ 40. Kf2 Rd2+ 1/2-1/2

[Event "Madrid op"]
[Site "Madrid"]
[Date "2006.10.22"]
[Round "6"]
[White "Holdsworth, Simon P"]
[Black "Gomez Ferrer, Jesus"]
[Result "0-1"]
[WhiteElo "2072"]
[BlackElo "1892"]
[PlyCount "124"]
[EventDate "2006.10.06"]
[EventType "swiss"]
[EventRounds "9"]
[EventCountry "ESP"]
[SourceTitle "EXT 2007"]
[Source "ChessBase"]
[SourceDate "2006.11.23"]
[SourceVersion "1"]
[SourceVersionDate "2006.11.23"]
[SourceQuality "1"]

1. f4 d5 2. Nf3 c5 3. e3 a6 4. Be2 Nc6 5. 0-0 Bg4 6. h3 Bxf3 7. Bxf3 Nf6 8. b3 e6 9. Bb2 Be7 10. d3 Qc7 11. Na3 Rd8 12. Be2 h5 13. Qe1 h4 14. Qf2 Rh7 15. Rad1 g6 16. c4 d4 17. e4 Nh5 18. Bxh5 Rxh5 19. Nc2 Kd7 20. a3 Kc8 21. Qd2 Rg8 22. b4 g5 23. Qe2 Rh7 24. b5 Nb8 25. Qg4 Rhg7 26. f5 Qe5 27. Ne1 Bd6 28. Nf3 Qf4 29. Bc1 Qxg4 30. hxg4 exf5 31. bxa6 Nxa6 32. exf5 f6 33. Rde1 Nc7 34. Re2 Rh7 35. Kh1 h3 36. Bd2 Rgh8 37. g3 Bxg3 38. Ba5 Bf4 39. Bb6 Bd6 40. Nd2 Kd7 41. Ne4 Be5 42. Bxc5 Rh4 43. Rg1 h2 44. Rgg2 Rh3 45. Nxg5 Rxd3 46. Bb4 Rd1+ 47. Be1 d3 48. Re4 Bc3 49. Nf3 Rh3 50. Nd2 Ne8 51. c5 Nc7 52. Rf2 Nd5 53. Nf1 Rxe1 54. Rxe1 Bxe1 55. Rb2 Kc6 56. Nd2 Bxd2 57. Rxd2 Kxc5 58. Rd1 Kd4 59. Rb1 d2 60. g5 fxg5 61. Rf1 Ke3 62. Rb1 Ke2 0-1